000 00332nam a2200157Ia 4500
100 _aMaxwell/John C
650 _aGeneral
942 _cBK
654 _athinking for a change
245 _aThinking for a change
260 _bWarner Books
_c2003
082 _a658.406
_bMAX
300 _a266
546 _aENGLISH
999 _c32048
_d32048